| 000 | 00530nam a22002057a 4500 | ||
|---|---|---|---|
| 003 | OSt | ||
| 005 | 20140310182958.0 | ||
| 008 | 130208t xxu||||| |||| 00| 0 eng d | ||
| 020 | _a978971271892 | ||
| 050 |
_aHF 5415 _b.L298 2009 |
||
| 100 | _aLao, Paulo M. | ||
| 245 |
_a101 best marketing practices / _cPaulo M. Lao |
||
| 260 |
_aPasig City : _bAnvil Pub. Inc., _c2009. |
||
| 300 |
_a186 p. : _c18 cm. |
||
| 521 | _aBSBA | ||
| 650 | _aMarketing. | ||
| 650 | _aSales management. | ||
| 942 |
_2lcc _cBK _kLOC |
||
| 999 |
_c18051 _d18051 |
||